[Event "I Sunway Sitges International Chess Fest"]
[Site "Sitges (Barcelona)"]
[Date "2014.12.21"]
[Round "9.1"]
[White "Ibragimov, Ildar"]
[Black "Maze, Sebastien"]
[Result "*"]
[WhiteElo "2548"]
[BlackElo "2564"]
[PlyCount "0"]
[EventDate "2014.12.14"]

1. d4 { [%clk 1:29] } Nf6 { [%clk 1:25] } 2. c4 { [%clk 1:29] } g6 { [%clk
1:25] } 3. Nc3 { [%clk 1:29] } Bg7 { [%clk 1:26] } 4. e4 { [%clk 1:29] } d6 {
[%clk 1:26] } 5. h3 { [%clk 1:28] } O-O { [%clk 1:26] } 6. Nf3 { [%clk 1:28] }
Na6 { [%clk 1:26] } 7. Bg5 { [%clk 1:26] } Qe8 { [%clk 1:24] } 8. Be2 { [%clk
1:13] } e5 { [%clk 1:24] } 9. d5 { [%clk 1:10] } Nc5 { [%clk 1:23] } 10. Nd2 {
[%clk 1:08] } a5 { [%clk 1:23] } 11. g4 { [%clk 1:07] } Bd7 { [%clk 1:10] } 12.
Be3 { [%clk 0:47] } Qe7 { [%clk 1:07] } 13. h4 { [%clk 0:45] } c6 { [%clk
1:02] } 14. h5 { [%clk 0:43] } Rfc8 { [%clk 0:58] } 15. g5 { [%clk 0:41] } Ne8
{ [%clk 0:59] } 16. hxg6 { [%clk 0:38] } fxg6 { [%clk 0:59] } 17. Nb3 { [%clk
0:37] } b6 { [%clk 0:28] } 18. Nxc5 { [%clk 0:32] } bxc5 { [%clk 0:27] } 19.
Bg4 { [%clk 0:31] } Rab8 { [%clk 0:25] } 20. dxc6 { [%clk 0:22] } Rxc6 { [%clk
0:25] } 21. Nd5 { [%clk 0:22] } Qf7 { [%clk 0:25] } 22. Bxd7 { [%clk 0:22] }
Qxd7 { [%clk 0:25] } 23. Qa4 { [%clk 0:22] } Rc7 { [%clk 0:18.46] } 24. Qxd7 {
[%clk 0:20] } Rxd7 { [%clk 0:19.11] } 25. O-O-O { [%clk 0:20] } Rdb7 { [%clk
0:13.06] } 26. Rd2 { [%clk 0:20] } Bf8 { [%clk 0:13.23] } 27. Kb1 { [%clk
0:07.04] } Rf7 { [%clk 0:13.02] } 28. Rd3 { [%clk 0:06.33] } Be7 { [%clk
0:09.35] } 29. Rb3 { [%clk 0:05.48] } Rxb3 { [%clk 0:09.33] } 30. Nxe7+ {
[%clk 0:05.49] } Rxe7 { [%clk 0:09.59] } 31. axb3 { [%clk 0:06.14] } Rb7 {
[%clk 0:03.14] } 32. Kc2 { [%clk 0:06.36] } Kf8 { [%clk 0:03.21] } 33. Ra1 {
[%clk 0:06.35] } Nc7 { [%clk 0:03.03] } 34. f4 { [%clk 0:04.56] } exf4 { [%clk
0:03.03] } 35. Bxf4 { [%clk 0:05.21] } Ke7 { [%clk 0:02.58] } 36. Rxa5 { [%clk
0:05.34] } Kd7 { [%clk 0:02.42] } 37. Ra1 { [%clk 0:04.21] } Ke6 { [%clk
0:01.35] } 38. Rd1 { [%clk 0:03.33] } Ne8 { [%clk 0:02.02] } 39. Bd2 { [%clk
0:01.42] } Rf7 { [%clk 0:01.12] } 40. Rh1 { [%clk 0:00.56] } Nc7 { [%clk
0:01.22] } 41. b4 { [%clk 0:01.04] } cxb4 { [%clk 0:01.45] } 42. Bxb4 { [%clk
0:01.30] } Na6 { [%clk 0:02.17] } 43. Ba3 { [%clk 0:01.08] } Rc7 { [%clk
0:00.52] } 44. Kc3 { [%clk 0:01.09] } Nc5 { [%clk 0:00.51] } 45. Bxc5 { [%clk
0:00.57] } dxc5 { [%clk 0:01.16] } 46. Rd1 { [%clk 0:00.45] } Ke5 { [%clk
0:01.32] } 47. b4 { [%clk 0:00.49] } cxb4+ { [%clk 0:01.56] } 48. Kxb4 { [%clk
0:01.16] } Kxe4 { [%clk 0:02.23] } 49. c5 { [%clk 0:01.17] } Kf4 { [%clk
0:02.41] } 50. Rg1 { [%clk 0:00.52] } Rb7+ { [%clk 0:00.40] } 51. Ka5 { [%clk
0:01.08] } Rb2 { [%clk 0:01.03] } 52. c6 { [%clk 0:01.27] } Ra2+ { [%clk
0:01.00] } 53. Kb6 { [%clk 0:01.46] } Rb2+ { [%clk 0:01.20] } 54. Kc5 { [%clk
0:01.42] } Ke5 { [%clk 0:00.39] } 55. Rc1 { [%clk 0:00.48] } Ke6 { [%clk
0:01.04] } 56. Re1+ { [%clk 0:00.41] } Kf5 { [%clk 0:01.31] } 57. Kd6 { [%clk
0:00.42] } Rd2+ { [%clk 0:01.46] } 58. Ke7 { [%clk 0:00.40] } Rc2 { [%clk
0:01.55] } 59. Kd7 { [%clk 0:00.40] } Rd2+ { [%clk 0:02.21] } 1/2-1/2

[Event "I Sunway Sitges International Chess Fest"]
[Site "Sitges (Barcelona)"]
[Date "2014.12.21"]
[Round "9.2"]
[White "Baklan, Vladimir"]
[Black "Romanov, Evgeny"]
[Result "*"]
[WhiteElo "2655"]
[BlackElo "2638"]
[PlyCount "0"]
[EventDate "2014.12.14"]

1. e4 { [%clk 1:30] } c5 { [%clk 1:24] } 2. c3 { [%clk 1:30] } d5 { [%clk
1:24] } 3. exd5 { [%clk 1:31] } Qxd5 { [%clk 1:24] } 4. d4 { [%clk 1:31] } Nf6
{ [%clk 1:21] } 5. Nf3 { [%clk 1:31] } e6 { [%clk 1:21] } 6. Bd3 { [%clk 1:32]
} Be7 { [%clk 1:15] } 7. O-O { [%clk 1:31] } O-O { [%clk 1:16] } 8. Qe2 {
[%clk 1:31] } cxd4 { [%clk 1:11] } 9. cxd4 { [%clk 1:31] } Nc6 { [%clk 1:11] }
10. Rd1 { [%clk 1:32] } Nb4 { [%clk 1:09] } 11. Nc3 { [%clk 1:32] } Qh5 {
[%clk 1:05] } 12. Bc4 { [%clk 1:15] } Re8 { [%clk 1:05] } 13. Qe5 { [%clk
1:05] } Bd7 { [%clk 1:02] } 14. a3 { [%clk 1:02] } Nc6 { [%clk 0:57] } 15. Qxh5
{ [%clk 1:00] } Nxh5 { [%clk 0:58] } 16. Ne5 { [%clk 0:59] } Nf6 { [%clk 0:51]
} 17. Nxd7 { [%clk 0:59] } Nxd7 { [%clk 0:52] } 18. d5 { [%clk 0:59] } Nb6 {
[%clk 0:48] } 19. Ba2 { [%clk 0:54] } exd5 { [%clk 0:47] } 20. Nxd5 { [%clk
0:54] } Nxd5 { [%clk 0:39] } 21. Bxd5 { [%clk 0:54] } Bf6 { [%clk 0:40] } 22.
Rb1 { [%clk 0:41] } Bd4 { [%clk 0:39] } 23. Bg5 { [%clk 0:37] } Re5 { [%clk
0:28] } 24. Bxc6 { [%clk 0:36] } bxc6 { [%clk 0:28] } 25. Rxd4 { [%clk 0:35] }
Rxg5 { [%clk 0:28] } 26. Rc4 { [%clk 0:35] } Rb5 { [%clk 0:20] } 27. Rxc6 {
[%clk 0:34] } a5 { [%clk 0:20] } 28. Rbc1 { [%clk 0:27] } Rbb8 { [%clk 0:20] }
29. Kf1 { [%clk 0:21] } g6 { [%clk 0:21] } 30. R1c2 { [%clk 0:21] } Rb3 {
[%clk 0:14.34] } 31. Rc8+ { [%clk 0:20] } Rxc8 { [%clk 0:15.01] } 32. Rxc8+ {
[%clk 0:20] } Kg7 { [%clk 0:15.28] } 33. Rc2 { [%clk 0:21] } h5 { [%clk
0:13.31] } 34. Ke2 { [%clk 0:20] } h4 { [%clk 0:11.47] } 35. h3 { [%clk
0:19.16] } g5 { [%clk 0:09.09] } 36. Kd1 { [%clk 0:18.11] } f5 { [%clk
0:09.01] } 37. Rc7+ { [%clk 0:18.01] } Kg6 { [%clk 0:08.00] } 38. Kc2 { [%clk
0:16.29] } Rb5 { [%clk 0:08.28] } 39. Rc4 { [%clk 0:15.39] } Re5 { [%clk
0:07.17] } 40. b4 { [%clk 0:07.14] } axb4 { [%clk 0:07.12] } 41. axb4 { [%clk
0:07.37] } Re2+ { [%clk 0:03.58] } 42. Kc3 { [%clk 0:06.47] } Rxf2 { [%clk
0:04.23] } 43. b5 { [%clk 0:07.14] } Re2 { [%clk 0:01.47] } 44. b6 { [%clk
0:07.08] } Re8 { [%clk 0:02.06] } 45. Kb4 { [%clk 0:03.21] } Kh5 { [%clk
0:00.40] } 46. Rc5 { [%clk 0:02.41] } Rf8 { [%clk 0:00.44] } 47. b7 { [%clk
0:02.27] } Rb8 { [%clk 0:01.10] } 48. Rb5 { [%clk 0:02.51] } Kg6 { [%clk
0:01.28] } 49. Kc5 { [%clk 0:02.22] } g4 { [%clk 0:01.38] } 50. hxg4 { [%clk
0:02.08] } fxg4 { [%clk 0:02.06] } 51. Kb6 { [%clk 0:02.21] } h3 { [%clk
0:01.47] } 52. gxh3 { [%clk 0:02.37] } gxh3 { [%clk 0:02.11] } 53. Ka7 { [%clk
0:02.54] } h2 { [%clk 0:00.38] } 54. Rb1 1-0

[Event "I Sunway Sitges International Chess Festival - Group A"]
[Site "Sitges (Barcelona)"]
[Date "2014.12.21"]
[Round "9.3"]
[White "Oral, Tomas"]
[Black "Bailet, Pierre"]
[Result "*"]
[WhiteElo "2498"]
[BlackElo "2484"]
[PlyCount "0"]
[EventDate "2014.12.14"]

1. e4 { [%clk 1:29] } c5 { [%clk 1:23] } 2. Nf3 { [%clk 1:29] } e6 { [%clk
1:24] } 3. b3 { [%clk 1:26] } d6 { [%clk 1:21] } 4. Bb2 { [%clk 1:26] } Nf6 {
[%clk 1:20] } 5. e5 { [%clk 1:26] } dxe5 { [%clk 1:20] } 6. Nxe5 { [%clk 1:26]
} Nbd7 { [%clk 1:19] } 7. f4 { [%clk 1:24] } Be7 { [%clk 1:12] } 8. Bd3 {
[%clk 1:24] } Nxe5 { [%clk 1:01] } 9. fxe5 { [%clk 1:24] } Nd5 { [%clk 1:02] }
10. O-O { [%clk 1:16] } O-O { [%clk 1:01] } 11. Be4 { [%clk 0:50] } f5 { [%clk
0:46] } 12. exf6 { [%clk 0:38] } Nxf6 { [%clk 0:45] } 13. Bf3 { [%clk 0:36] }
Bd6 { [%clk 0:40] } 14. Na3 { [%clk 0:36] } Qc7 { [%clk 0:37] } 15. g3 { [%clk
0:34] } Bd7 { [%clk 0:37] } 16. Qe2 { [%clk 0:30] } e5 { [%clk 0:35] } 17. Nb5
{ [%clk 0:24] } Bxb5 { [%clk 0:34] } 18. Qxb5 { [%clk 0:25] } e4 { [%clk 0:35]
} 19. Bxe4 { [%clk 0:23] } Bxg3 { [%clk 0:33] } 20. hxg3 { [%clk 0:21] } Qxg3+
{ [%clk 0:33] } 21. Bg2 { [%clk 0:21] } Ng4 { [%clk 0:32] } 22. Qc4+ { [%clk
0:21] } Kh8 { [%clk 0:33] } 23. Rf7 { [%clk 0:21] } Qh2+ { [%clk 0:26] } 24.
Kf1 { [%clk 0:21] } Ne5 { [%clk 0:24] } 25. Bxe5 { [%clk 0:21] } Qxe5 { [%clk
0:25] } 26. Re1 { [%clk 0:20] } Qd6 { [%clk 0:24] } 27. d3 1-0

[Event "I Sunway Sitges International Chess Festival - Group A"]
[Site "Sitges (Barcelona)"]
[Date "2014.12.21"]
[Round "9.4"]
[White "Makhmutov, Rail"]
[Black "Martinez Alcantara, Jose Eduar"]
[Result "*"]
[WhiteElo "2428"]
[BlackElo "2448"]
[PlyCount "0"]
[EventDate "2014.12.14"]

1. d4 { [%clk 1:30] } Nf6 { [%clk 1:30] } 2. Bg5 { [%clk 1:31] } Ne4 { [%clk
1:29] } 3. Bf4 { [%clk 1:31] } d5 { [%clk 1:29] } 4. f3 { [%clk 1:29] } Nf6 {
[%clk 1:29] } 5. e4 { [%clk 1:29] } dxe4 { [%clk 1:26] } 6. Nc3 { [%clk 1:28]
} Bf5 { [%clk 1:21] } 7. g4 { [%clk 1:28] } Bg6 { [%clk 1:20] } 8. fxe4 {
[%clk 1:25] } Nxe4 { [%clk 1:03] } 9. Bg2 { [%clk 1:25] } e5 { [%clk 1:00] }
10. Nxe4 { [%clk 1:17] } exf4 { [%clk 1:01] } 11. Qe2 { [%clk 1:17] } Be7 {
[%clk 0:59] } 12. O-O-O { [%clk 1:14] } O-O { [%clk 0:52] } 13. Nc5 { [%clk
1:13] } c6 { [%clk 0:50] } 14. Nxb7 { [%clk 1:10] } Qc7 { [%clk 0:51] } 15. Nc5
{ [%clk 1:10] } Bxc5 { [%clk 0:49] } 16. dxc5 { [%clk 1:10] } Nd7 { [%clk
0:49] } 17. Nh3 { [%clk 1:05] } Nxc5 { [%clk 0:46] } 18. Qc4 { [%clk 1:02] }
Ne6 { [%clk 0:46] } 19. Rdf1 { [%clk 0:56] } Rad8 { [%clk 0:33] } 20. Rd1 {
[%clk 0:49] } Rxd1+ { [%clk 0:29] } 21. Rxd1 { [%clk 0:50] } f3 { [%clk 0:29]
} 22. Bxf3 { [%clk 0:48] } Qxh2 { [%clk 0:30] } 23. Ng1 { [%clk 0:46] } c5 {
[%clk 0:30] } 24. Ne2 { [%clk 0:45] } Qf2 { [%clk 0:28] } 25. Bd5 { [%clk
0:43] } Qe3+ { [%clk 0:28] } 26. Kb1 { [%clk 0:43] } Rd8 { [%clk 0:27] } 27. b3
{ [%clk 0:39] } h5 { [%clk 0:26] } 28. Kb2 { [%clk 0:35] } h4 { [%clk 0:21] }
29. Nc3 { [%clk 0:34] } Qe5 { [%clk 0:21] } 30. Qf1 { [%clk 0:28] } Qh2 {
[%clk 0:15.58] } 31. Ne2 { [%clk 0:22] } Nd4 { [%clk 0:12.54] } 32. Bc4 {
[%clk 0:21] } Re8 { [%clk 0:09.10] } 33. Nxd4 { [%clk 0:20] } cxd4 { [%clk
0:09.33] } 34. Rxd4 { [%clk 0:19.05] } Qxc2+ { [%clk 0:09.33] } 35. Ka3 {
[%clk 0:19.30] } Qc3 { [%clk 0:05.20] } 36. Rd7 { [%clk 0:19.04] } Qa5+ {
[%clk 0:05.16] } 37. Kb2 { [%clk 0:19.28] } Qe5+ { [%clk 0:05.42] } 38. Ka3 {
[%clk 0:19.45] } Rf8 { [%clk 0:04.30] } 39. Qh1 { [%clk 0:15.20] } Qc5+ {
[%clk 0:04.47] } 40. Kb2 { [%clk 0:15.41] } Qf2+ { [%clk 0:05.12] } 41. Ka3 {
[%clk 0:16.00] } a5 { [%clk 0:05.07] } 42. Rd1 { [%clk 0:13.32] } Qc5+ { [%clk
0:04.17] } 43. Kb2 { [%clk 0:13.58] } a4 { [%clk 0:03.49] } 44. Qd5 { [%clk
0:12.40] } a3+ { [%clk 0:02.54] } 45. Kc3 { [%clk 0:12.36] } Qf2 { [%clk
0:02.20] } 46. Qd2 { [%clk 0:11.14] } Qg3+ { [%clk 0:02.04] } 47. Kb4 { [%clk
0:11.37] } h3 { [%clk 0:01.26] } 48. Qe1 { [%clk 0:08.26] } Qh2 { [%clk
0:01.09] } 49. Rd2 { [%clk 0:08.07] } Qf4 { [%clk 0:01.34] } 50. Qf2 { [%clk
0:07.21] } Rb8+ { [%clk 0:01.08] } 51. Kxa3 { [%clk 0:06.51] } Ra8+ { [%clk
0:01.37] } 52. Kb4 { [%clk 0:07.09] } Qe5 { [%clk 0:01.30] } 53. a4 { [%clk
0:06.48] } Rb8+ { [%clk 0:01.25] } 54. Ka3 { [%clk 0:06.22] } Qa1+ { [%clk
0:01.50] } 55. Ra2 { [%clk 0:06.47] } Qc1+ { [%clk 0:01.11] } 56. Rb2 { [%clk
0:06.37] } Qa1+ { [%clk 0:01.17] } 57. Ra2 { [%clk 0:07.02] } Qc3 { [%clk
0:01.46] } 58. Qd2 { [%clk 0:06.54] } Qe5 { [%clk 0:01.54] } 59. Rb2 { [%clk
0:05.53] } Qe7+ { [%clk 0:01.35] } 60. Ka2 { [%clk 0:06.18] } Rd8 { [%clk
0:01.54] } 61. Qe2 { [%clk 0:05.53] } Qd6 { [%clk 0:01.22] } 62. Qh2 { [%clk
0:05.39] } Qb4 { [%clk 0:00.52] } 63. Qxh3 { [%clk 0:04.56] } Rd1 { [%clk
0:00.52] } 64. Qe3 { [%clk 0:04.20] } Qd6 { [%clk 0:00.50] } 65. g5 { [%clk
0:02.52] } Qd8 { [%clk 0:00.52] } 66. Re2 { [%clk 0:02.39] } Qd6 { [%clk
0:00.39] } 67. Qc3 { [%clk 0:02.38] } Rh1 { [%clk 0:00.44] } 68. Rd2 { [%clk
0:02.27] } Qe7 { [%clk 0:01.05] } 69. Bd5 { [%clk 0:01.19] } Rh5 { [%clk
0:01.07] } 70. a5 { [%clk 0:01.01] } Rxg5 { [%clk 0:01.04] } 71. a6 { [%clk
0:00.54] } Kh7 { [%clk 0:00.33] } 72. Qd4 { [%clk 0:00.39] } Rh5 { [%clk
0:00.32] } 73. a7 { [%clk 0:00.40] } Rxd5 { [%clk 0:01.01] } 74. Rh2+ { [%clk
0:00.52] } Bh5 { [%clk 0:01.30] } 75. Qxd5 { [%clk 0:00.52] } Qxa7+ { [%clk
0:01.58] } 76. Kb2 { [%clk 0:01.15] } g6 { [%clk 0:02.22] } 77. Qe5 { [%clk
0:01.28] } Qb6 { [%clk 0:02.34] } 78. Rc2 { [%clk 0:01.34] } Bg4 { [%clk
0:02.16] } 79. Rh2+ { [%clk 0:01.11] } Bh5 { [%clk 0:02.46] } 80. Rd2 { [%clk
0:01.34] } Qg1 { [%clk 0:01.59] } 81. Qf6 { [%clk 0:01.21] } Qe3 { [%clk
0:00.34] } 82. Rd8 1-0

[Event "I Sunway Sitges International Chess Festival - Group A"]
[Site "Sitges (Barcelona)"]
[Date "2014.12.21"]
[Round "9.5"]
[White "Narciso Dublan, Marc"]
[Black "Skomorokhin, Roman"]
[Result "*"]
[WhiteElo "2515"]
[BlackElo "2364"]
[PlyCount "0"]
[EventDate "2014.12.14"]

1. d4 { [%clk 1:30] } Nf6 { [%clk 1:28] } 2. c4 { [%clk 1:31] } e6 { [%clk
1:28] } 3. Nc3 { [%clk 1:31] } Bb4 { [%clk 1:27] } 4. Qc2 { [%clk 1:31] } O-O
{ [%clk 1:27] } 5. a3 { [%clk 1:31] } Bxc3+ { [%clk 1:27] } 6. Qxc3 { [%clk
1:31] } b5 { [%clk 1:28] } 7. cxb5 { [%clk 1:31] } c6 { [%clk 1:28] } 8. a4 {
[%clk 1:28] } a6 { [%clk 1:22] } 9. Bg5 { [%clk 1:26] } axb5 { [%clk 1:22] }
10. a5 { [%clk 1:26] } Na6 { [%clk 1:18] } 11. Nf3 { [%clk 1:19] } b4 { [%clk
1:17] } 12. Qb3 { [%clk 1:04] } Qe7 { [%clk 1:07] } 13. e3 { [%clk 0:57] } c5
{ [%clk 1:06] } 14. Be2 { [%clk 0:53] } Bb7 { [%clk 1:02] } 15. O-O { [%clk
0:53] } cxd4 { [%clk 0:43] } 16. Nxd4 { [%clk 0:49] } h6 { [%clk 0:40] } 17.
Bxf6 { [%clk 0:40] } Qxf6 { [%clk 0:39] } 18. Rfd1 { [%clk 0:36] } Rfb8 {
[%clk 0:35] } 19. Bf3 { [%clk 0:30] } d5 { [%clk 0:31] } 20. Rdc1 { [%clk
0:21] } e5 { [%clk 0:30] } 21. Ne2 { [%clk 0:20] } Rd8 { [%clk 0:25] } 22. Rd1
{ [%clk 0:14.19] } Qd6 { [%clk 0:22] } 23. Ng3 { [%clk 0:11.23] } Rab8 { [%clk
0:20] } 24. Rac1 { [%clk 0:09.31] } Ba8 { [%clk 0:18.26] } 25. Qc2 { [%clk
0:09.12] } Rb5 { [%clk 0:14.04] } 26. Qa4 { [%clk 0:08.46] } Rbb8 { [%clk
0:11.27] } 27. Rd2 { [%clk 0:08.07] } Nc5 { [%clk 0:09.03] } 28. Qd1 { [%clk
0:08.30] } Rb5 { [%clk 0:05.16] } 29. Ra1 { [%clk 0:06.36] } g6 { [%clk
0:04.55] } 30. Ne4 { [%clk 0:05.38] } Nxe4 { [%clk 0:02.41] } 31. Bxe4 { [%clk
0:06.05] } d4 { [%clk 0:02.22] } 32. Qe2 { [%clk 0:04.15] } Qc5 { [%clk
0:01.34] } 33. Rc2 { [%clk 0:03.00] } Rxa5 { [%clk 0:01.49] } 34. Rd1 { [%clk
0:01.10] } Qd6 { [%clk 0:01.23] } 35. exd4 { [%clk 0:01.11] } exd4 { [%clk
0:01.38] } 36. Bxa8 { [%clk 0:01.34] } d3 { [%clk 0:01.29] } 37. Qe1 { [%clk
0:01.07] } dxc2 { [%clk 0:01.33] } 38. Rxd6 { [%clk 0:01.30] } Rxd6 { [%clk
0:01.49] } 39. Bf3 { [%clk 0:01.25] } Rad5 { [%clk 0:01.26] } 40. Qe8+ { [%clk
0:00.37] } Kg7 { [%clk 0:01.40] } 41. g3 { [%clk 0:01.02] } c1=Q+ { [%clk
0:01.53] } 42. Kg2 { [%clk 0:01.30] } Qc5 { [%clk 0:02.06] } 0-1

[Event "I Sunway Sitges International Chess Festival - Group A"]
[Site "Sitges (Barcelona)"]
[Date "2014.12.21"]
[Round "9.6"]
[White "Aroshidze, Levan"]
[Black "Peralta, Fernando"]
[Result "*"]
[WhiteElo "2537"]
[BlackElo "2582"]
[PlyCount "0"]
[EventDate "2014.12.14"]

1. e4 { [%clk 1:30] } e6 { [%clk 1:30] } 2. d4 { [%clk 1:31] } d5 { [%clk
1:31] } 3. Nc3 { [%clk 1:31] } Nf6 { [%clk 1:31] } 4. e5 { [%clk 1:32] } Nfd7
{ [%clk 1:32] } 5. f4 { [%clk 1:32] } c5 { [%clk 1:32] } 6. Nf3 { [%clk 1:32]
} Nc6 { [%clk 1:33] } 7. Be3 { [%clk 1:33] } cxd4 { [%clk 1:32] } 8. Nxd4 {
[%clk 1:33] } Bc5 { [%clk 1:32] } 9. Qd2 { [%clk 1:34] } O-O { [%clk 1:32] }
10. O-O-O { [%clk 1:34] } Bxd4 { [%clk 1:33] } 11. Bxd4 { [%clk 1:34] } Qa5 {
[%clk 1:33] } 12. Bf2 { [%clk 1:23] } Rb8 { [%clk 1:30] } 13. Bb5 { [%clk
1:21] } a6 { [%clk 1:30] } 14. Bd3 { [%clk 1:21] } Nb4 { [%clk 1:29] } 15. Kb1
{ [%clk 1:12] } Nc5 { [%clk 1:29] } 16. Bxc5 { [%clk 1:10] } Qxc5 { [%clk
1:29] } 17. h4 { [%clk 1:10] } Bd7 { [%clk 1:19] } 18. h5 { [%clk 1:07] } f6 {
[%clk 0:50] } 19. h6 { [%clk 1:00] } g6 { [%clk 0:51] } 20. exf6 { [%clk 1:00]
} Rxf6 { [%clk 0:51] } 21. g3 { [%clk 0:56] } Bb5 { [%clk 0:35] } 22. Bxb5 {
[%clk 0:45] } axb5 { [%clk 0:36] } 23. Qe2 { [%clk 0:45] } Rc8 { [%clk 0:22] }
24. Rh2 { [%clk 0:35] } Qa7 { [%clk 0:12.07] } 25. Qe5 { [%clk 0:24] } Rcf8 {
[%clk 0:07.20] } 26. Qc7 { [%clk 0:23] } R6f7 { [%clk 0:06.15] } 27. Qd6 {
[%clk 0:24] } d4 { [%clk 0:03.18] } 28. Qxb4 { [%clk 0:21] } dxc3 { [%clk
0:03.43] } 29. Qxc3 { [%clk 0:21] } Qa6 { [%clk 0:01.47] } 30. Rhd2 1-0

[Event "I Sunway Sitges International Chess Fest"]
[Site "Sitges (Barcelona)"]
[Date "2014.12.21"]
[Round "9.8"]
[White "Delorme, Axel"]
[Black "Terrieux, Kevin"]
[Result "1/2-1/2"]
[WhiteElo "2502"]
[BlackElo "2425"]
[PlyCount "20"]
[EventDate "2014.12.14"]

1. d4 Nf6 2. g3 d5 3. c4 e6 4. Nf3 Be7 5. Bg2 O-O 6. O-O dxc4 7. Ne5 Nc6 8.
Bxc6 bxc6 9. Nxc6 Qe8 10. Nxe7+ Qxe7 1/2-1/2

[Event "I Sunway Sitges International Chess Fest"]
[Site "Sitges (Barcelona)"]
[Date "2014.12.21"]
[Round "9.9"]
[White "Romanishin, Oleg M"]
[Black "Akbarinia, Sayed Arash"]
[Result "0-1"]
[WhiteElo "2487"]
[BlackElo "2366"]
[PlyCount "148"]
[EventDate "2014.12.14"]

1. Nf3 d5 2. g3 Nf6 3. Bg2 e6 4. O-O Be7 5. c4 O-O 6. d4 dxc4 7. Qc2 a6 8. a4
Bd7 9. Qxc4 Bc6 10. Bg5 Nbd7 11. Nc3 Nd5 12. Bd2 N7b6 13. Qb3 Nxc3 14. bxc3 Qd5
15. Qc2 Nc4 16. Bf4 Rac8 17. Rfe1 f5 18. e4 fxe4 19. Ne5 Nxe5 20. Bxe5 Qd7 21.
Bxe4 Bxe4 22. Rxe4 c5 23. Rae1 Bf6 24. Qa2 Bxe5 25. Rxe5 cxd4 26. Rxe6 Kh8 27.
Re7 Qf5 28. R1e5 Qd3 29. cxd4 Qxd4 30. a5 h6 31. Qe2 Rc5 32. Rxc5 Qxc5 33. Qa2
b6 34. axb6 Qxb6 35. h4 a5 36. Re4 Qc5 37. Ra4 Qc1+ 38. Kh2 Qe1 39. Rf4 Rxf4
40. gxf4 Qe4 41. Qxa5 Qxf4+ 42. Kg2 Qg4+ 43. Kf1 Qxh4 44. Qf5 Qf6 45. Qd3 Qg5
46. Qe4 h5 47. Qe8+ Kh7 48. Qe4+ Qg6 49. Qd4 Qf5 50. Kg2 Qf6 51. Qe3 Kg6 52.
Qd3+ Kh6 53. Qc4 Qf5 54. Qc7 Qg4+ 55. Kh2 Qf3 56. Qb6+ Kg5 57. Qc5+ Qf5 58.
Qe7+ Qf6 59. Qc5+ Kg4 60. Kg1 g5 61. Qc4+ Qf4 62. Qe6+ Kh4 63. Qd5 Qf6 64. Qh1+
Kg4 65. Qg2+ Kf5 66. Qf3+ Kg6 67. Qe4+ Kh6 68. Kg2 h4 69. Qc4 Kh5 70. Qd5 Qf4
71. Qb7 Qg4+ 72. Kh2 Qf5 73. Kg2 h3+ 74. Kg3 g4 0-1

[Event "I Sunway Sitges International Chess Fest"]
[Site "Sitges (Barcelona)"]
[Date "2014.12.21"]
[Round "9.10"]
[White "Perez Mitjans, Orelvis"]
[Black "Delorme, Alban"]
[Result "0-1"]
[WhiteElo "2463"]
[BlackElo "2328"]
[PlyCount "92"]
[EventDate "2014.12.14"]

1. e4 c5 2. Nf3 d6 3. Bb5+ Nc6 4. O-O a6 5. Bxc6+ bxc6 6. d4 cxd4 7. Nxd4 e5 8.
Ne2 Nf6 9. Ng3 Be7 10. Qe2 h5 11. Rd1 h4 12. Nf1 h3 13. g3 Be6 14. c4 Qb6 15.
Nbd2 d5 16. cxd5 cxd5 17. Ne3 dxe4 18. Ndc4 Qb5 19. a4 Qb7 20. Bd2 O-O 21. Bc3
Nd5 22. Rxd5 Bxd5 23. Na5 Qd7 24. Rd1 Qxa4 25. Nxd5 Bc5 26. b3 Qb5 27. Qxe4
Rae8 28. Qg4 Re6 29. Rd2 Rc8 30. Qxh3 Bf8 31. g4 Rg6 32. Nc4 Qxb3 33. Nxe5 Rd6
34. Qh5 Qb1+ 35. Kg2 Qb7 36. Nf3 Rxc3 37. Nxc3 Rxd2 38. Qe5 Rd3 39. Ne4 Qd5 40.
Qf4 Bd6 41. Nxd6 Qxd6 42. Qe4 Qd5 43. Qf4 a5 44. g5 Qxf3+ 45. Qxf3 Rxf3 46.
Kxf3 a4 0-1

[Event "I Sunway Sitges International Chess Fest"]
[Site "Sitges (Barcelona)"]
[Date "2014.12.21"]
[Round "9.12"]
[White "Vaarala, Eric"]
[Black "Meister, Peter"]
[Result "0-1"]
[WhiteElo "2281"]
[BlackElo "2408"]
[PlyCount "124"]
[EventDate "2014.12.14"]

1. c4 c5 2. Nc3 g6 3. g3 Nc6 4. Bg2 b6 5. Nf3 Bb7 6. O-O Bg7 7. a3 d6 8. b4 Qd7
9. Rb1 Nd4 10. e4 e6 11. Nxd4 cxd4 12. Ne2 Ne7 13. Bb2 e5 14. d3 O-O 15. Bc1 f5
16. Bh3 Kh8 17. b5 Ng8 18. a4 Qe7 19. f3 a5 20. bxa6 Rxa6 21. Bd2 Bc6 22. Rb4
Qa7 23. Qb1 Bxa4 24. exf5 gxf5 25. Qb2 Bc6 26. Rb1 Bxf3 27. Nc1 Bh6 28. Bxh6
Nxh6 29. Rxb6 Rxb6 30. Qxb6 Qe7 31. c5 Nf7 32. cxd6 Nxd6 33. Nb3 f4 34. g4 Be2
35. Nxd4 exd4 36. Qxd4+ Qf6 37. Qxf6+ Rxf6 38. g5 Rg6 39. Rb4 Rxg5+ 40. Kf2
Bxd3 41. Rd4 Bf5 42. Bg2 Rg6 43. Rxf4 Kg7 44. Rd4 Nf7 45. Rb4 Ra6 46. Rb2 Kf6
47. Bb7 Ra3 48. Bd5 Ne5 49. Rb3 Rxb3 50. Bxb3 Kg5 51. Kg3 Ng6 52. Bg8 h5 53.
Bf7 h4+ 54. Kf2 Kg4 55. Bc4 Ne5 56. Be2+ Kh3 57. Kg1 Bd3 58. Bh5 Ng4 59. Bf7
Nxh2 60. Be6+ Ng4 61. Bd5 Kg3 62. Bg2 Nf2 0-1

[Event "I Sunway Sitges International Chess Fest"]
[Site "Sitges (Barcelona)"]
[Date "2014.12.21"]
[Round "9.13"]
[White "Haug, Johannes"]
[Black "Sadykov, Ramil"]
[Result "1-0"]
[WhiteElo "2121"]
[BlackElo "2403"]
[PlyCount "65"]
[EventDate "2014.12.14"]

1. e4 d5 2. exd5 Qxd5 3. Nc3 Qd6 4. d4 Nf6 5. Be2 a6 6. Bf3 c6 7. Nge2 Bf5 8.
O-O e6 9. Ng3 Bg6 10. Nge4 Qc7 11. Nxf6+ gxf6 12. Ne4 Nd7 13. c4 O-O-O 14. Nc3
h5 15. Qe2 Bd6 16. h3 Rdg8 17. c5 Bh2+ 18. Kh1 Bf5 19. b4 Bf4 20. a4 Bxc1 21.
Rfxc1 Bg4 22. Ne4 Qf4 23. Nd6+ Kc7 24. Qe4 Qd2 25. Nxf7 f5 26. Qe1 Qxd4 27. Rd1
Qg7 28. Qxe6 Bxf3 29. Rxd7+ Kb8 30. Rg1 Bd5 31. Qd6+ Ka8 32. Nxh8 Qxh8 33. Qc7
1-0